000 00586cam a2200217 a 4500
001 2367704
005 20180206033944.0
008 840228s1984 njua b 000 0 eng
010 _a 84004781
020 _a0131549723
040 _aDLC
_cDLC
_dDLC
_dOCoLC
_dDLC
041 _aeng
080 _a658.4012
082 0 0 _a658.4012 LAM
_219
100 _a54
101 _aLID
245 0 0 _aCompetitive strategic management /
_cRobert Boyden Lamb, editor.
504 _aIncludes bibliographical references.
906 _a7
_bcbc
_corignew
_d1
_eocip
_f19
_gy-gencatlg
942 _2ddc
_cBK
999 _c41851
_d41851